000 01084nam a22002417a 4500
999 _c64004
_d64004
005 20251125233104.0
008 s2554 th tha d
020 _a9786167115191
040 _aNALT
041 _atha
050 _aDS578.32 อ598อ 2554
100 0 _aสานุพันธ์ ตันติศิริวัฒน์
245 1 0 _aอัจฉริยะบนทางสีขาวดร.อาจอง ชุมสาย ณ อยุธยา [8 th]
260 3 _aกรุงเทพฯ :
_bฟรีมายด์,
_c2554
300 _a223 หน้า :
_b ภาพประกอบ ;
_c 21 ซม.
650 0 4 _aนักวิทยาศาสตร์
650 0 4 _aอาจอง ชุมสาย ณ อยุธยา -- แนวคิด
650 0 4 _aอาจอง ชุมสาย ณ อยุธยา -- ชีวประวัติ
850 _aNALT
856 4 0 _uhttps://hdl.handle.net/20.500.14156/411699
_71
942 _cGB
_2lcc